|
|
|
|
| LEADER |
00811nam a22002172a 4500 |
| 001 |
000309326 |
| 003 |
CZ BrMZK |
| 005 |
20170818120734.0 |
| 007 |
ta |
| 008 |
010907s1893 xr f ger d |
| 015 |
|
|
|a cnb002806167
|
| 040 |
|
|
|a BOA001
|b cze
|c BOA001
|
| 100 |
1 |
|
|a Veselý, Jan,
|d 1832-1899
|7 jk01142149
|4 aut
|
| 245 |
1 |
0 |
|a Geschichte der fürstlich Schwarzenberg' schen Domaine Postelberg einschliesslich Priesen, Ferbenz, Líšau (atd.) /
|c Jan Veselý
|
| 260 |
|
|
|a Prag :
|b J. Veselý,
|c 1893
|f (E. Beaufort)
|
| 300 |
|
|
|a 160 s.
|
| 500 |
|
|
|a Dostupné též v digitální podobě v aplikaci Kramerius
|
| 856 |
4 |
1 |
|u http://www.digitalniknihovna.cz/mzk/uuid/uuid:7bc48b80-8630-11e7-aab4-005056827e52
|y Digitalizovaný dokument
|x NDK
|
| 910 |
|
|
|a BOA001
|b 3-0236.461
|
| 964 |
|
|
|a Bohemika - stol. 19.
|
| 990 |
|
|
|a BK
|